Effectif Borussia Dortmund 2025/2026 - Statistiques

Statistiques générales
  • Ce quiz a été pris 815 fois
    17 depuis la dernière actualisation
  • Le résultat moyen est 18 sur 26
Statistiques - réponses
Poste Numéro Pays Joueur % Correct
G 1 Suisse Gregor Kobel
100%
MIL 20 Autriche Marcel Sabitzer
100%
ATT 9 Guinée Serhou Guirassy
100%
ATT 21 Portugal Fábio Silva
92%
MIL 7 Angleterre Jobe Bellingham
92%
MIL 10 Allemagne Julian Brandt
92%
DEF 26 Norvège Julian Ryerson
92%
ATT 27 Allemagne Karim Adeyemi
92%
DEF 4 Allemagne Nico Schlotterbeck
92%
COACH - Croatie Niko Kovač
92%
ATT 14 Allemagne Maximilian Beier
83%
DEF 5 Algérie Ramy Bensebaini
83%
DEF 2 Brésil Yan Couto
83%
DEF 24 Suède Daniel Svensson
75%
MIL 8 Allemagne Felix Nmecha
67%
DEF 25 Allemagne Niklas Süle
67%
MIL 6 Turquie Salih Özcan
67%
DEF 3 Allemagne Waldemar Anton
67%
MIL 17 Angleterre Carney Chukwuemeka
58%
MIL 23 Allemagne Emre Can
58%
G 33 Allemagne Alexander Meyer
50%
DEF 42 Allemagne Almugera Kabar
25%
DEF 39 Italie Filippo Mané
25%
DEF 49 Italie Luca Reggiani
25%
G 30 Allemagne Patrick Drewes
0%
G 31 Allemagne Silas Ostrzinski
0%
Aucun quiz correspondant
Distribution des résultats
% des personnes avec chaque résultat
Percentile par nombre de réponses
Votre historique - résultats
Vous n’avez pas pris ce quiz depuis la dernière actualisation